Řešeto : příběh tichého hrdinství v časech nesvobody /

Příběh cti a tichého hrdinství z doby, kdy se rozsudky psaly předem. Román, odehrávající se na přelomu čtyřicátých a padesátých let, je vystavěný na skutečném osudu sedláka Miroslava Šnýdra, který se odmítl sklonit před nastupujícím režimem.

Uloženo v:
Hlavní autor: Svobodová, Monika Alžběta, 1982- (Autor)
Médium: Kniha
Jazyk:Czech
Vydáno: V Praze : Motto, 2026
Vydání:1. vydání
Témata:
Celkem bylo vypůjčeno:0x
Tagy:
Žádné tagy
LEADER 03006nam a2200481 i 4500
001 106499
003 CZ PrNK
005 20260604172942.0
007 ta
008 260515s2026 xr g 000 fdcze
015 |a cnb003758460 
020 |a 9788026760955  |q (vázáno) :  |c Kč 399,00 
040 |a ABG001  |b cze  |e rda 
072 7 |a 821.162.3-3  |x Česká próza  |2 Konspekt  |9 25 
080 |a 821.162.3-31  |2 MRF 
080 |a 338.246.025.87  |2 MRF 
080 |a 332.025.26:63  |2 MRF 
080 |a (437)  |2 MRF 
080 |a (0:82-311.6)  |2 MRF 
100 1 |a Svobodová, Monika Alžběta,  |d 1982-  |7 xx0260865  |4 aut  |9 117433 
245 1 0 |a Řešeto :  |b příběh tichého hrdinství v časech nesvobody /  |c M.A. Svobodová 
250 |a 1. vydání 
264 1 |a V Praze :  |b Motto,  |c 2026 
300 |a 220 stran ;  |c 22 cm 
336 |a text  |b txt  |2 rdacontent 
337 |a bez média  |b n  |2 rdamedia 
338 |a svazek  |b nc  |2 rdacarrier 
520 2 |a Příběh cti a tichého hrdinství z doby, kdy se rozsudky psaly předem. Román, odehrávající se na přelomu čtyřicátých a padesátých let, je vystavěný na skutečném osudu sedláka Miroslava Šnýdra, který se odmítl sklonit před nastupujícím režimem.  |b Byla to doba, kdy se pravda skláněla pod tlakem ideologie a odevzdaně mlčet bylo jistější než naslouchat svědomí. Padesátá léta v Československu změnila život k nepoznání: z přátel se stávali udavači, ze sousedů dozorci a z obyčejných živnostníků "nepřátelé lidu". Na pozadí kolektivizace a zinscenovaných procesů se odehrává hluboký příběh mlynáře Josefa Nýdrleho - muže, který odmítl odevzdat své hospodářství a s ním i svou důstojnost systému, jenž chtěl semlít vše, co mu stálo v cestě. Román Řešeto je literární rekonstrukcí skutečného osudu sedláka Miroslava Šnýdra z Malešova. Autorka s mimořádnou citlivostí kombinuje přesná archivní fakta a soudní spisy s osobními vzpomínkami pamětníků. Vzniklo tak syrové a autentické svědectví o době, kdy se rozsudky psaly předem, a o lidech, kteří přesto dokázali zůstat čistí. Nakladatelská anotace. 
648 4 |a 1945-1960 
648 7 |a 1945-1968  |7 ch460656  |2 czenas  |9 52985 
650 0 7 |a znárodnění  |7 ph367694  |y 1945-1968  |z Československo  |2 czenas 
650 0 7 |a kolektivizace zemědělství  |7 ph134658  |y 1945-1968  |z Československo  |2 czenas 
650 0 9 |a nationalization  |y 1945-1968  |z Czechoslovakia  |2 eczenas 
650 0 9 |a collectivization of agriculture  |y 1945-1968  |z Czechoslovakia  |2 eczenas 
655 7 |a české romány  |7 fd133974  |2 czenas  |9 54031 
655 7 |a historické romány  |7 fd132414  |2 czenas  |9 53624 
655 9 |a Czech fiction  |2 eczenas 
655 9 |a historical novels  |2 eczenas 
710 2 |a Motto (nakladatelství)  |7 xx0183724  |4 pbl  |9 117173 
910 |a UOG502 
942 |2 ddc  |c KN 
999 |d 106499 
993 |0 0  |1 421180107219  |2 ddc  |4 0  |7 0  |9 99943  |b 0  |c 107219  |d 2026-06-04  |e 0  |f DOSP  |h 399.00  |i Koupě  |l DOSP  |r 2026-06-04  |t 6  |w 2026-06-04  |y KN  |z BELET  |n